000 01104nam a22003257a 4500
003 CHAP
005 20220329140102.0
008 971013s r 00010 d
010 _a46753
011 _a47725
035 _a51868
040 _cCHAP
082 _a630.72097281
_bU5
110 _aUniversidad de San Carlos de Guatemala. Facultad de Agronomía
_9116455
245 _aInforme anual de investigación, 19 - 19
260 _aGuatemala :
_bLa Universidad,
_c19 -
300 _av.
500 _aLa biblioteca tiene: 1984
590 _aBATCH-UPD
_b10
_c20130110
_lUCH01
_h0024
590 _aBATCH-UPD
_b10
_c20130110
_lUCH01
_h2328
590 _aBATCH-UPD
_b10
_c20130409
_lUCH01
_h2005
590 _aBATCH-UPD
_b10
_c20130410
_lUCH01
_h1617
590 _aBATCH-UPD
_b10
_c20130913
_lUCH01
_h2100
590 _aCONVERSION
_b10
_c20130109
_lUCH01
_h1326
650 1 4 _aAgricultura
_xInvestigación
_xGuatemala.
_91626
650 1 4 _aUniversidades
_xInvestigación
_xGuatemala.
_9116641
901 _aBK
942 _cLIBRO
949 _a630.72097281 U5
_bBC
_cLIBRO
_d33724000046074
_eLIBRO
_h70916
_i51868
_mD
_si
999 _c46753
_d46753